| 000 | 00380nam a22001457a 4500 | ||
|---|---|---|---|
| 999 |
_c193655 _d193655 |
||
| 008 | 221107b ||||| |||| 00| 0 eng d | ||
| 082 | _a800-DAS | ||
| 100 | _aDAS,MANOJ | ||
| 245 |
_aLEGEND OF THE GOLDEN VELLY _hENGLISH |
||
| 260 |
_aNEW DELHI _bA.I.C.B _cROHINI |
||
| 270 | _aA.I.C.B ,ROHINI NEW DELHI | ||
| 300 |
_a. _b. _c12X13 |
||
| 490 | _v1 | ||
| 942 |
_2ddc _cBRLEN _k800 _mDAS |
||